[Event "Autumn Cup"]
[Site "Box Hill"]
[Date "2002.03.08"]
[Round "5.4"]
[White "Saw, Geoffrey"]
[Black "Kildisas, Victor E"]
[Result "1-0"]
[WhiteElo "2179"]
[BlackElo "1803"]
[Annotator "jd"]
[PlyCount "57"]
[EventDate "2002.02.08"]

1. c4 g6 2. g3 Bg7 3. Bg2 d6 4. Nc3 Nf6 5. d3 O-O 6. Bg5 c6 7. Qd2 Re8 8. e4
Qc7 9. Nge2 e5 10. O-O a5 11. f4 Qb6+ 12. Kh1 Ng4 13. fxe5 dxe5 14. Na4 Nf2+
15. Rxf2 Qxf2 16. Rf1 Qa7 17. Be3 Qa6 18. Nc5 Qb6 19. Ne6 c5 20. Nxg7 Kxg7 21.
Bg5 f5 22. Nc3 Be6 23. exf5 gxf5 24. Bf6+ Kf7 25. Qh6 Rg8 26. Nd5 Qd6 27. Qxh7+
Ke8 28. Bxe5 Qxe5 29. Qe7# 1-0

[Event "Autumn Cup"]
[Site "Box Hill"]
[Date "2002.03.08"]
[Round "5.5"]
[White "Raine, Marcus"]
[Black "Stojic, Dusan"]
[Result "1-0"]
[WhiteElo "1912"]
[BlackElo "1577"]
[Annotator "jd"]
[PlyCount "103"]
[EventDate "2002.02.08"]

1. e4 c5 2. Nf3 d6 3. Bb5+ Bd7 4. a4 g6 5. O-O Bg7 6. Re1 Nf6 7. c3 Nc6 8. d4
a6 9. Bxc6 Bxc6 10. d5 Bd7 11. Nbd2 O-O 12. a5 b5 13. axb6 Qxb6 14. Nc4 Qb7 15.
h3 Bb5 16. Na5 Qc7 17. c4 Bd7 18. e5 Ne8 19. Bf4 Rb8 20. Ra2 Rb6 21. Qd2 Rb4
22. b3 Rb6 23. exd6 exd6 24. Bh6 Nf6 25. Bxg7 Kxg7 26. Qc3 Rbb8 27. g4 h6 28.
Rae2 Rfe8 29. Nd2 g5 30. Ne4 Re5 31. Nc6 Bxc6 32. dxc6 Rbe8 33. Nxf6 Kxf6 34.
Qf3+ Kg7 35. Rxe5 dxe5 36. Qd5 Re6 37. Qxc5 Kf6 38. Qf8 Kg6 39. Qg8+ Kf6 40.
Re3 Qxc6 41. Qh8+ Ke7 42. Rxe5 Qd6 43. Rxe6+ Qxe6 44. Qd4 Ke8 45. Qe3 Qxe3 46.
fxe3 Kd7 47. Kf2 Kd6 48. b4 Ke5 49. Kf3 f6 50. b5 axb5 51. cxb5 Kd5 52. b6 1-0

[Event "Autumn Cup"]
[Site "Box Hill"]
[Date "2002.03.08"]
[Round "5.7"]
[White "Kempen, Leon"]
[Black "Sharman, Scot A"]
[Result "0-1"]
[WhiteElo "2008"]
[BlackElo "1682"]
[Annotator "jd"]
[PlyCount "86"]
[EventDate "2002.02.08"]

1. a3 c5 2. g3 g6 3. Bg2 Bg7 4. d3 Nc6 5. c4 Nf6 6. Nc3 O-O 7. h4 d6 8. Nh3 e5
9. Ng5 h6 10. Nge4 Ne8 11. Nd5 f5 12. Nec3 Nf6 13. Bd2 Rb8 14. Rb1 Be6 15. Qa4
Bd7 16. Qd1 Be6 17. b4 cxb4 18. axb4 Ne7 19. Be3 Bxd5 20. cxd5 a5 21. b5 Ng4
22. Bd2 Qb6 23. e3 Rbc8 24. O-O h5 25. Qb3 Bh6 26. Na4 Qd8 27. Rbc1 f4 28. Rxc8
Nxc8 29. exf4 exf4 30. Be4 fxg3 31. fxg3 Rxf1+ 32. Kxf1 Bxd2 33. Ke2 Bh6 34.
Qc4 Qf8 35. Bf3 Ne5 36. Qe4 Qxf3+ 37. Qxf3 Nxf3 38. Kxf3 Bg7 39. g4 hxg4+ 40.
Kxg4 Kf7 41. h5 gxh5+ 42. Kxh5 Bd4 43. Kg4 Nb6 0-1

[Event "Autumn Cup"]
[Site "Box Hill"]
[Date "2002.03.08"]
[Round "5.8"]
[White "Lee, Michelle"]
[Black "Faber, Karl-Heinz"]
[Result "1/2-1/2"]
[WhiteElo "1646"]
[BlackElo "1828"]
[Annotator "jd"]
[PlyCount "109"]
[EventDate "2002.02.08"]

1. e4 e5 2. Nf3 Nc6 3. Bb5 d6 4. d4 exd4 5. Qxd4 Bd7 6. Bxc6 Bxc6 7. O-O Ne7 8.
Nc3 Ng6 9. Re1 f6 10. Nd5 Ne5 11. Nxe5 dxe5 12. Qc4 Qd7 13. f4 Bd6 14. f5 a5
15. Be3 b5 16. Qd3 O-O 17. Rad1 Bb7 18. Bf2 Ba6 19. Nb6 cxb6 20. Qxd6 Qxd6 21.
Rxd6 Rfd8 22. Rxb6 Rd2 23. Rc6 Bb7 24. Rc7 Ba6 25. Bb6 Rc8 26. Rxc8+ Bxc8 27.
Bxa5 Rxc2 28. Rd1 h6 29. Bc3 Bb7 30. Re1 b4 31. Bxb4 Rxb2 32. a3 Kh7 33. Bf8
Rc2 34. h3 Kg8 35. Bb4 Rc4 36. Rd1 Bxe4 37. Rd8+ Kh7 38. Rd7 Bxf5 39. Ra7 Rd4
40. Bf8 Rd7 41. Rxd7 Bxd7 42. Kf2 Kg8 43. Bd6 Kf7 44. Ke3 g6 45. g4 Ke6 46. Bf8
h5 47. Bb4 hxg4 48. hxg4 f5 49. gxf5+ gxf5 50. Bd2 f4+ 51. Kf3 Kf5 52. Bc1 e4+
53. Kf2 Bb5 54. Bd2 Kg4 55. Bc1 1/2-1/2

[Event "Autumn Cup"]
[Site "Box Hill"]
[Date "2002.03.08"]
[Round "5.9"]
[White "Jukic, Davor"]
[Black "Umber, George"]
[Result "0-1"]
[WhiteElo "1725"]
[BlackElo "1551"]
[Annotator "jd"]
[PlyCount "79"]
[EventDate "2002.02.08"]

1. e4 e6 2. d4 d5 3. exd5 exd5 4. Bd3 Nc6 5. Nf3 Bg4 6. c3 Bd6 7. Be3 Nge7 8.
Bg5 f6 9. Bh4 Qd7 10. Qc2 Bf5 11. Bg3 Bxd3 12. Qxd3 Bxg3 13. hxg3 Qf5 14. Qxf5
Nxf5 15. Nh4 Nxh4 16. gxh4 Kd7 17. Na3 Rae8+ 18. Kd2 Re6 19. Nc2 Rhe8 20. Ne3
Ne7 21. Rae1 c6 22. h5 Ng8 23. a4 a5 24. c4 Re4 25. Kd3 dxc4+ 26. Kxc4 Nh6 27.
Nc2 Re2 28. Kc3 Rxf2 29. Ne3 Nf5 30. Nxf5 Rxe1 31. Rxe1 Rxf5 32. g4 Rg5 33. Re4
Kd6 34. Kd3 b6 35. Ke3 b5 36. b3 g6 37. hxg6 hxg6 38. Kf4 Rxg4+ 39. Kxg4 f5+
40. Kf3 0-1

[Event "Autumn Cup"]
[Site "Box Hill"]
[Date "2002.03.08"]
[Round "5.10"]
[White "Fell, Rowan"]
[Black "Wen, Phillip"]
[Result "0-1"]
[WhiteElo "1421"]
[BlackElo "1699"]
[Annotator "jd"]
[PlyCount "54"]
[EventDate "2002.02.08"]

1. d4 Nf6 2. c4 e6 3. Nc3 Bb4 4. Qc2 b6 5. a3 Bxc3+ 6. Qxc3 Bb7 7. f3 d5 8.
cxd5 Nxd5 9. Qc2 Qh4+ 10. g3 Qxd4 11. e4 Ne3 12. Bxe3 Qxe3+ 13. Be2 c5 14. Rd1
Nc6 15. Qd2 Qxd2+ 16. Rxd2 Nd4 17. Kf2 O-O 18. Nh3 e5 19. Rhd1 b5 20. Ke3 f5
21. exf5 Rxf5 22. f4 exf4+ 23. Nxf4 g5 24. Nh5 Re8+ 25. Kd3 Nxe2 26. Rxe2 Rxe2
27. Kxe2 Bf3+ 0-1

[Event "Autumn Cup"]
[Site "Box Hill"]
[Date "2002.03.08"]
[Round "5.11"]
[White "Jenkins, Keith"]
[Black "Lugo, Ruperto"]
[Result "1-0"]
[WhiteElo "1670"]
[BlackElo "1599"]
[Annotator "jd"]
[PlyCount "67"]
[EventDate "2002.02.08"]

1. d4 Nf6 2. c4 g6 3. Nc3 Bg7 4. e4 d6 5. f3 O-O 6. Be3 Nbd7 7. Qd2 b6 8. Nge2
c5 9. d5 Ne5 10. Nc1 Ba6 11. b3 Ne8 12. Nd3 f5 13. Rc1 fxe4 14. Nxe4 Bc8 15.
Be2 Nxd3+ 16. Bxd3 e6 17. dxe6 Bxe6 18. O-O d5 19. cxd5 Bxd5 20. Rcd1 Qc7 21.
Nc3 Bf7 22. Be4 Rc8 23. Nd5 Bxd5 24. Bxd5+ Kh8 25. Rfe1 Rd8 26. Qc1 Be5 27. Bg5
Nf6 28. f4 Bd6 29. Qb2 Be7 30. Bc4 Rxd1 31. Rxd1 Kg7 32. Qe5 Rc8 33. Be6 Bd8
34. Rd7+ 1-0

[Event "Autumn Cup"]
[Site "Box Hill"]
[Date "2002.03.08"]
[Round "5.12"]
[White "Chmiel, Rad"]
[Black "Dutka, Janusz"]
[Result "1/2-1/2"]
[WhiteElo "1598"]
[BlackElo "1904"]
[Annotator "jd"]
[PlyCount "45"]
[EventDate "2002.02.08"]

1. d4 Nf6 2. c4 e6 3. g3 Bb4+ 4. Bd2 Qe7 5. Nc3 c5 6. Bg2 a6 7. Na4 O-O 8. Bxb4
cxb4 9. Nf3 d6 10. Nb6 Ra7 11. Qb3 a5 12. a3 Na6 13. O-O Qc7 14. Na4 Bd7 15.
axb4 Nxb4 16. Nc3 Rc8 17. Nd2 b6 18. Na2 Nc6 19. e3 Ne7 20. Qa3 Bc6 21. Bxc6
Qxc6 22. Nb4 Qc7 23. b3 1/2-1/2

[Event "Autumn Cup"]
[Site "Box Hill"]
[Date "2002.03.08"]
[Round "5.14"]
[White "Liston, Howard"]
[Black "Lycett, Garry"]
[Result "1-0"]
[WhiteElo "1596"]
[BlackElo "1711"]
[Annotator "jd"]
[PlyCount "89"]
[EventDate "2002.02.08"]

1. e4 c5 2. Nf3 d6 3. d4 cxd4 4. Nxd4 Nf6 5. Nc3 a6 6. Bg5 e6 7. f4 Be7 8. Qf3
Qc7 9. O-O-O Nc6 10. g4 Nxd4 11. Rxd4 e5 12. Bxf6 Bxf6 13. Rc4 Qa5 14. f5 Bg5+
15. Kb1 b5 16. Rc6 b4 17. Nd1 Kd7 18. Rc4 Bb7 19. Qb3 Rab8 20. Rxb4 Bd5 21.
Qa4+ Qxa4 22. Rxa4 Bb7 23. Bxa6 Bc6 24. Ra3 Bxe4 25. Re1 Bc6 26. Bc4 d5 27.
Ra7+ Kd6 28. Bb3 Rb7 29. Rxb7 Bxb7 30. Nc3 Bd2 31. Nb5+ Kc5 32. Rd1 Bf4 33. Nc3
d4 34. Na4+ Kb5 35. c4+ Kb4 36. Bc2 Bf3 37. Rd3 Bxg4 38. Nb6 Kc5 39. Rb3 Rd8
40. Rb5+ Kc6 41. Be4+ Kd6 42. c5+ Kc7 43. Nd5+ Kd7 44. Rb7+ Kc6 45. Nxf4+ 1-0

[Event "Autumn Cup"]
[Site "Box Hill"]
[Date "2002.03.08"]
[Round "5.15"]
[White "Turner, Adrian E"]
[Black "Stojic, Svetozar"]
[Result "1/2-1/2"]
[WhiteElo "1660"]
[BlackElo "1575"]
[Annotator "jd"]
[PlyCount "41"]
[EventDate "2002.02.08"]

1. d4 Nf6 2. Bg5 c5 3. c3 cxd4 4. Bxf6 gxf6 5. cxd4 Bg7 6. Nc3 O-O 7. e3 d6 8.
Nf3 Bg4 9. Be2 a6 10. O-O b5 11. a3 Nc6 12. b4 Rc8 13. Rc1 Qb6 14. Nh4 Bxe2 15.
Qxe2 Kh8 16. Nf5 Rg8 17. Nd5 Qd8 18. Rxc6 Rxc6 19. Ndxe7 Rc3 20. Nxg8 Qxg8 21.
Qb2 1/2-1/2

[Event "Autumn Cup"]
[Site "Box Hill"]
[Date "2002.03.08"]
[Round "5.16"]
[White "Lawson, Shane"]
[Black "Kloprogge, Ion"]
[Result "1-0"]
[WhiteElo "1636"]
[BlackElo "1457"]
[Annotator "jd"]
[PlyCount "65"]
[EventDate "2002.02.08"]

1. e4 Nc6 2. Nf3 d5 3. exd5 Qxd5 4. Nc3 Qd8 5. Bc4 e6 6. d4 Na5 7. Bd3 Nc6 8.
Be3 Nf6 9. h3 Nd5 10. Nxd5 Qxd5 11. O-O Be7 12. c3 h6 13. Re1 b6 14. Bf4 Qd7
15. Bb5 O-O 16. Ne5 Qd6 17. Bxc6 Rb8 18. Qf3 Qd8 19. Ba4 Bb7 20. Nc6 Bxc6 21.
Bxc6 b5 22. Rad1 b4 23. c4 g5 24. d5 Qc8 25. dxe6 fxe6 26. Qg3 Kh8 27. Bxc7 Bc5
28. Rd2 Qa6 29. Bb5 Qb7 30. Bxb8 Bxf2+ 31. Rxf2 Rxb8 32. Rxe6 Rg8 33. Kh1 1-0

[Event "Autumn Cup"]
[Site "Box Hill"]
[Date "2002.03.08"]
[Round "5.17"]
[White "Bourmistrov, Alex"]
[Black "Le, Tuan N"]
[Result "0-1"]
[WhiteElo "1500"]
[BlackElo "1954"]
[Annotator "jd"]
[PlyCount "48"]
[EventDate "2002.02.08"]

1. d4 d5 2. c4 dxc4 3. e4 e5 4. d5 Nf6 5. Nc3 c6 6. Bxc4 Bb4 7. f3 O-O 8. Be3
Nxd5 9. exd5 Qh4+ 10. Bf2 Qxc4 11. Nge2 cxd5 12. O-O Be6 13. a3 Bc5 14. Rc1
Bxf2+ 15. Rxf2 Nc6 16. Na4 Qh4 17. Nc5 Rab8 18. Nc3 Nd4 19. f4 Bg4 20. Qf1 exf4
21. Rxf4 Ne6 22. g3 Qh5 23. Nxe6 fxe6 24. Nb5 Be2 0-1

[Event "Autumn Cup"]
[Site "Box Hill"]
[Date "2002.03.08"]
[Round "5.19"]
[White "Flude, David A"]
[Black "O'Connor, Phil"]
[Result "1-0"]
[WhiteElo "1749"]
[BlackElo "1492"]
[Annotator "jp"]
[PlyCount "81"]
[EventDate "2002.02.08"]

1. e4 c5 2. Nc3 e6 3. d3 d6 4. Be2 Nd7 5. f4 Ngf6 6. Nf3 a6 7. a4 g6 8. O-O Bg7
9. Qe1 O-O 10. Bd1 Re8 11. e5 dxe5 12. fxe5 Ng4 13. Bf4 Qc7 (13... Ndxe5 $142)
14. Ng5 Bxe5 15. Bxg4 Bxf4 16. Qh4 Bxg5 17. Qxg5 f5 18. Bf3 Ne5 19. Rae1 Nf7
20. Qf6 Qe7 $2 (20... Qd8 $142) 21. Qxe7 Rxe7 22. Nd5 Kf8 23. Nxe7 Kxe7 24. c3
e5 25. Bd5 Be6 26. Bxb7 Rb8 27. Bxa6 Rxb2 28. Rb1 Rc2 29. Rfc1 Bb3 30. a5 Nd8
31. Rxc2 Bxc2 32. Rb6 e4 33. dxe4 Bxe4 34. Bb5 g5 35. a6 h5 36. a7 Ne6 37. Bc6
Nc7 38. Bxe4 fxe4 39. Rb7 Kd8 40. Rxc7 Kxc7 41. a8=Q 1-0

[Event "Autumn Cup"]
[Site "Box Hill"]
[Date "2002.03.08"]
[Round "5.21"]
[White "Kable, John R"]
[Black "Wilson, Norm"]
[Result "1-0"]
[WhiteElo "1548"]
[BlackElo "1636"]
[Annotator "hl"]
[PlyCount "54"]
[EventDate "2002.02.08"]

1. e4 c5 2. Nf3 Nc6 3. Bd3 d6 4. c3 Nf6 5. Bc2 e6 6. O-O Be7 7. d4 cxd4 8. cxd4
Qc7 9. Nc3 a6 10. Bg5 Bd7 11. Rc1 e5 12. Nd5 Nxd5 13. exd5 Bxg5 14. dxc6 Bg4
15. cxb7 Qxb7 16. Ba4+ Ke7 17. dxe5 dxe5 18. Qe1 Bxc1 19. Qxe5+ Be6 20. Qc5+
Kf6 21. Rxc1 Qd5 22. Qc3+ Ke7 23. Qb4+ Kf6 24. Rc7 g5 25. Qc3+ Kg6 26. Rc5 Qxc5
27. Qxc5 Rac8 1-0

[Event "Autumn Cup"]
[Site "Box Hill"]
[Date "2002.03.08"]
[Round "5.22"]
[White "Exner, Rolf"]
[Black "Papa, James"]
[Result "1-0"]
[WhiteElo "1624"]
[BlackElo "1433"]
[Annotator "hl"]
[PlyCount "57"]
[EventDate "2002.02.08"]

1. d4 Nf6 2. c4 c5 3. d5 b5 4. cxb5 a6 5. b6 Qxb6 6. Nc3 g6 7. e4 d6 8. Qc2 Bg7
9. Nf3 Nbd7 10. Bf4 Ng4 11. h3 Nge5 12. Nd2 O-O 13. Be2 a5 14. O-O Ba6 15. Bxa6
Qxa6 16. a4 Nd3 17. Be3 Nb4 18. Qd1 Ne5 19. Nb5 Rfc8 20. Rb1 Ned3 21. Nc4 Qb7
22. f4 Bd4 23. Qe2 Kf8 24. b3 Bg7 25. Rfd1 Kg8 26. Rxd3 Nxd3 27. Qxd3 Qb8 28.
Qd2 Rf8 29. Nxa5 1-0

[Event "Autumn Cup"]
[Site "Box Hill"]
[Date "2002.03.08"]
[Round "5.24"]
[White "Palit, Vikram"]
[Black "Stanning, Trevor"]
[Result "0-1"]
[WhiteElo "1489"]
[BlackElo "1583"]
[Annotator "hl"]
[PlyCount "62"]
[EventDate "2002.02.08"]

1. d4 f5 2. c4 Nf6 3. Nc3 g6 4. Bf4 Bg7 5. e3 d6 6. Nf3 c6 7. Qb3 Qb6 8. Qxb6
axb6 9. Bd3 Be6 10. O-O h6 11. h3 Bf7 12. Rfe1 O-O 13. Bh2 Nbd7 14. e4 Nxe4 15.
Nxe4 fxe4 16. Rxe4 Bf6 17. a3 c5 18. d5 Bxb2 19. Rae1 Bf6 20. Rxe7 Bxe7 21.
Rxe7 Rxa3 22. Rxd7 Rxd3 23. Bxd6 Ra8 24. Kh2 Bxd5 25. Ne5 Bc6 26. Nxd3 Bxd7 27.
Ne5 Be8 28. Bc7 Ra6 29. Ng4 h5 30. Nf6+ Kf7 31. Nd5 b5 0-1

[Event "Autumn Cup"]
[Site "Box Hill"]
[Date "2002.03.08"]
[Round "5.25"]
[White "Simpson, Bruce"]
[Black "Suderson, Sunilson"]
[Result "1/2-1/2"]
[WhiteElo "1421"]
[BlackElo "1593"]
[Annotator "hl"]
[PlyCount "66"]
[EventDate "2002.02.08"]

1. b3 d5 2. Bb2 c5 3. Nf3 e6 4. e3 Nc6 5. c4 d4 6. exd4 cxd4 7. d3 e5 8. Be2
Bc5 9. O-O Nge7 10. Nbd2 f5 11. Re1 O-O 12. a3 a5 13. Bf1 Qc7 14. g3 b6 15. Bg2
Ra7 16. Nf1 Kh8 17. Bc1 Ng8 18. Ng5 h6 19. Nf3 Nf6 20. Nh4 Re8 21. Bd2 g5 22.
Nf3 e4 23. dxe4 fxe4 24. Nxg5 hxg5 25. Bxg5 Kg7 26. Bxf6+ Kxf6 27. Bxe4 Kg7 28.
Qh5 Re6 29. Qh7+ Kf6 30. Qh4+ Kg7 31. Bd5 Rh6 32. Qg5+ Rg6 33. Qh5 Rh6 1/2-1/2

[Event "Autumn Cup"]
[Site "Box Hill"]
[Date "2002.03.08"]
[Round "5.28"]
[White "Nincevic, Anton"]
[Black "Lauder, Natasha"]
[Result "1-0"]
[WhiteElo "1404"]
[BlackElo "830"]
[Annotator "hl"]
[PlyCount "69"]
[EventDate "2002.02.08"]

1. e4 e5 2. Nf3 Nf6 3. Nc3 Nc6 4. a3 Bc5 5. Bc4 d6 6. h3 Qe7 7. Na4 Bb6 8. Nxb6
axb6 9. d3 Be6 10. Bxe6 Qxe6 11. c3 h6 12. Nh4 O-O 13. Nf5 Ne7 14. Ng3 c5 15.
c4 Qd7 16. Qf3 Nc6 17. Ne2 Nb4 18. O-O Qe6 19. Bd2 Nc2 20. Rac1 Nd4 21. Nxd4
cxd4 22. Bb4 Rac8 23. Qe2 Nd7 24. f4 Qg6 25. f5 Qf6 26. Rf3 Kh8 27. Rcf1 Nb8
28. Rg3 Na6 29. Bd2 Nb8 30. Qh5 Rg8 31. Bg5 Qxg5 32. Rxg5 f6 33. Rg6 Na6 34.
Rxh6+ gxh6 35. Qxh6# 1-0

[Event "Autumn Cup"]
[Site "Box Hill"]
[Date "2002.03.08"]
[Round "5.30"]
[White "Loo, Jonathan"]
[Black "Loizou, Loizos"]
[Result "0-1"]
[WhiteElo "1036"]
[BlackElo "1274"]
[Annotator "hl"]
[PlyCount "56"]
[EventDate "2002.02.08"]

1. d4 Nf6 2. g3 e5 3. dxe5 Ng4 4. Bf4 Nc6 5. Nf3 Bb4+ 6. c3 Bc5 7. e3 Qe7 8.
Bg2 Ncxe5 9. Nxe5 Nxe5 10. Bxe5 Qxe5 11. O-O O-O 12. Nd2 c6 13. Nc4 Qg5 14. b4
Bb6 15. Nxb6 axb6 16. Qb3 d5 17. Rfe1 Be6 18. Qc2 b5 19. e4 Rfd8 20. f4 Qh5 21.
f5 Bc8 22. exd5 Bxf5 23. Qb3 Bd7 24. Re7 Kf8 25. Re3 Re8 26. Rxe8+ Rxe8 27. Rf1
Re2 28. Bf3 Qxh2# 0-1

[Event "Autumn Cup"]
[Site "Box Hill"]
[Date "2002.03.08"]
[Round "5.31"]
[White "Muthusamy, Reubban"]
[Black "Van Dijk, Devrim"]
[Result "1-0"]
[WhiteElo "1206"]
[BlackElo "1109"]
[Annotator "hl"]
[PlyCount "115"]
[EventDate "2002.02.08"]

1. e4 e5 2. Nf3 Nc6 3. d4 exd4 4. Nxd4 Nf6 5. Nc3 Bb4 6. Nxc6 bxc6 7. Bg5 O-O
8. e5 Re8 9. f4 d6 10. Bc4 dxe5 11. Qxd8 Rxd8 12. fxe5 Re8 13. O-O Bxc3 14.
bxc3 Nd5 15. Rae1 Be6 16. Bb3 Nxc3 17. Bxe6 Rxe6 18. Bd2 Nd5 19. c4 Nb6 20. Rf4
Nd7 21. Ba5 Rxe5 22. Rxe5 Nxe5 23. Bxc7 Re8 24. Re4 f6 25. Kf2 Kf7 26. Bxe5
Rxe5 27. Rxe5 fxe5 28. Ke3 Kf6 29. Ke4 Ke6 30. c5 a5 31. g3 g6 32. h4 h5 33. a4
Kf6 34. Kf3 Kf5 35. Ke3 Kg4 36. Ke4 Kxg3 37. Kxe5 Kxh4 38. Kd6 g5 39. Kxc6 g4
40. Kb5 g3 41. c6 g2 42. c7 g1=Q 43. c8=Q Qg5+ 44. Kb6 Kg3 45. Qc3+ Kf4 46.
Qd2+ Kf5 47. Qxa5+ Kg4 48. Qxg5+ Kxg5 49. a5 h4 50. a6 h3 51. a7 h2 52. a8=Q
Kg4 53. Qa1 Kh3 54. Kc5 Kg3 55. Kd4 Kh3 56. Ke3 Kg3 57. Qe1+ Kh3 58. Kf3 1-0

[Event "Autumn Cup"]
[Site "Box Hill"]
[Date "2002.03.08"]
[Round "5.32"]
[White "Sucevic, Milic"]
[Black "Ziffer, Rocheleh"]
[Result "1-0"]
[WhiteElo "1594"]
[BlackElo "1097"]
[Annotator "hl"]
[PlyCount "119"]
[EventDate "2002.02.08"]

1. d4 Nf6 2. b3 b6 3. Bb2 Bb7 4. c4 e6 5. a3 Be7 6. f3 d6 7. e4 c5 8. d5 exd5
9. cxd5 Nbd7 10. Bc4 Qc8 11. Ne2 Ba6 12. Nd2 O-O 13. O-O Re8 14. a4 Bf8 15.
Bxa6 Qxa6 16. Nc4 Reb8 17. Nc3 Qb7 18. g4 Ne5 19. Nxe5 dxe5 20. h4 Qd7 21. Rf2
Be7 22. Rh2 a6 23. Qe2 Rc8 24. h5 Ne8 25. Nd1 Bg5 26. Bxe5 Qe7 27. Bg3 Bf4 28.
Bxf4 Qf6 29. e5 Qxf4 30. Nf2 Rd8 31. Rd1 Qb4 32. Qd3 b5 33. axb5 Qxb5 34. Qc4
Qxc4 35. bxc4 Rab8 36. Ne4 Rb3 37. Rf2 Rb4 38. Rc1 Rc8 39. Ra2 Rb6 40. d6 Rd8
41. Nxc5 Rc6 42. Ne4 f6 43. f4 g5 44. Kg2 gxf4 45. exf6 Kf7 46. g5 h6 47. g6+
Ke6 48. Rd1 Nxf6 49. Nxf6 Kxf6 50. Ra4 Kg5 51. Rd5+ Kf6 52. Kf2 Ke6 53. Rd3 Ke5
54. Kf3 Re8 55. d7 Rd8 56. g7 Ke6 57. g8=Q+ Rxg8 58. d8=Q Rg3+ 59. Kxf4 Rxd3
60. Qxd3 1-0

[Event "Autumn Cup"]
[Site "Box Hill"]
[Date "2002.03.08"]
[Round "5.33"]
[White "Martin, Richard"]
[Black "Mihalopoulos, Tony"]
[Result "0-1"]
[WhiteElo "939"]
[BlackElo "1372"]
[Annotator "hl"]
[PlyCount "60"]
[EventDate "2002.02.08"]

1. e4 d5 2. exd5 Nf6 3. Bb5+ Bd7 4. Bxd7+ Qxd7 5. Nf3 Qxd5 6. Nc3 Qh5 7. O-O
Nc6 8. d3 e6 9. Be3 Bd6 10. Ne2 h6 11. Ng3 Bxg3 12. fxg3 Ng4 13. Nh4 g5 14. h3
gxh4 15. hxg4 Qe5 16. Qf3 O-O-O 17. Qxf7 Qxe3+ 18. Kh1 Rhf8 19. Qxf8 Rxf8 20.
Rxf8+ Nd8 21. gxh4 Qg3 22. Rg8 Qxh4+ 23. Kg1 Kd7 24. Rg7+ Kd6 25. Rf1 Qg3 26.
Kh1 Nc6 27. Rff7 Ne5 28. Rxc7 Nxg4 29. Rgd7+ Ke5 30. Rc5+ Kf6 0-1

[Event "Autumn Cup"]
[Site "Box Hill"]
[Date "2002.03.08"]
[Round "5.34"]
[White "Yu, Derek"]
[Black "Gombik, Louis"]
[Result "1-0"]
[WhiteElo "850"]
[BlackElo "1360"]
[Annotator "hl"]
[PlyCount "108"]
[EventDate "2002.02.08"]

1. e4 c5 2. Nf3 d6 3. d4 cxd4 4. Nxd4 Nf6 5. Nc3 g6 6. Be3 Bg7 7. f3 O-O 8. Bc4
e6 9. Qd2 a6 10. a4 Nh5 11. Bh6 Qh4+ 12. Kd1 Qe7 13. g4 Nf6 14. Bxg7 Kxg7 15.
h4 h6 16. g5 Ng8 17. gxh6+ Nxh6 18. h5 g5 19. Rg1 f6 20. f4 g4 21. f5 d5 22.
exd5 exf5 23. d6 Qe5 24. Re1 Qg3 25. Re7+ Rf7 26. Rxf7+ Nxf7 27. Bxf7 Qg1+ 28.
Ke2 Qg2+ 29. Kd3 Qxd2+ 30. Kxd2 Kxf7 31. Nd5 Nc6 32. Nxc6 bxc6 33. Nb6 Rb8 34.
d7 Bb7 35. h6 c5 36. Rf1 Be4 37. Nc8 Rxb2 38. d8=Q Rxc2+ 39. Ke3 Rc3+ 40. Kd2
Rd3+ 41. Qxd3 Bxd3 42. Kxd3 Kg6 43. Rh1 Kh7 44. Nb6 g3 45. Ke2 g2 46. Rg1 Kg6
47. h7 Kxh7 48. Rxg2 c4 49. Nd5 Kh6 50. Kd2 Kh5 51. Kc3 Kh4 52. Kxc4 Kh3 53.
Rg1 f4 54. Kd3 a5 1-0

[Event "Autumn Cup"]
[Site "Box Hill"]
[Date "2002.03.08"]
[Round "5.35"]
[White "Hopf, Lorna"]
[Black "Chong, Trevor"]
[Result "0-1"]
[WhiteElo "1205"]
[BlackElo "1220"]
[Annotator "hl"]
[PlyCount "52"]
[EventDate "2002.02.08"]

1. e4 e5 2. Nf3 Nc6 3. Bc4 Bc5 4. c3 Nf6 5. d3 O-O 6. O-O d6 7. Bg5 Bg4 8. b4
Bb6 9. Nbd2 h6 10. Bh4 a6 11. a3 Ba7 12. Qc2 b5 13. Bd5 Nxb4 14. axb4 Rc8 15.
Rxa6 Bb6 16. Raa1 c6 17. Bb3 g5 18. Bxg5 hxg5 19. Nxg5 Nh5 20. Nxf7 Rxf7 21.
Bxf7+ Kxf7 22. Ra6 Nf4 23. Qb3+ Kg7 24. c4 Qg5 25. Rxb6 Bd1 26. Rb7+ Kh6 0-1

[Event "Autumn Cup"]
[Site "Box Hill"]
[Date "2002.03.08"]
[Round "5.37"]
[White "Fell, Nathan"]
[Black "Wan, James"]
[Result "0-1"]
[WhiteElo "873"]
[BlackElo "1360"]
[Annotator "hl"]
[PlyCount "96"]
[EventDate "2002.02.08"]

1. d4 d5 2. c4 dxc4 3. Nc3 c6 4. e4 b5 5. a4 Bd7 6. d5 Qb6 7. Be3 Qb7 8. Nf3
Nf6 9. Ne5 cxd5 10. Nxd7 Nbxd7 11. axb5 e6 12. exd5 exd5 13. Bd4 Bb4 14. Bxf6
Nxf6 15. Be2 O-O 16. O-O Bxc3 17. bxc3 Qxb5 18. Rb1 Qc5 19. Bf3 Rfd8 20. Qd4
Qxd4 21. cxd4 Ne4 22. Rb5 Nd2 23. Re1 c3 24. Bd1 Re8 25. Rxe8+ Rxe8 26. g3 f5
27. Kg2 Re1 28. Bc2 Rc1 29. Bxf5 Ne4 30. Be6+ Kf8 31. Rb8+ Ke7 32. Bxd5 Nd2 33.
Rc8 Kd6 34. Bg8 h6 35. Bh7 Kd5 36. Rd8+ Kc4 37. Rc8+ Kb3 38. d5 Rd1 39. d6 Nc4
40. Rb8+ Nb6 41. Bg8+ Kb2 42. Re8 c2 43. Re2 Rxd6 44. Bh7 g6 45. Bg8 Kb1 46.
Ba2+ Kb2 47. h4 Kc3 48. Re3+ Kd2 0-1

[Event "Autumn Cup"]
[Site "Box Hill"]
[Date "2002.03.08"]
[Round "5.38"]
[White "Benjamin, Frank"]
[Black "Farrelly, Cathy"]
[Result "1-0"]
[WhiteElo "1251"]
[BlackElo "858"]
[Annotator "hl"]
[PlyCount "41"]
[EventDate "2002.02.08"]

1. d4 d6 2. Nf3 e6 3. c4 b6 4. e4 Bb7 5. Nc3 Nd7 6. Bd3 Be7 7. O-O Ngf6 8. h3
O-O 9. Re1 e5 10. d5 h6 11. Nh4 Nh5 12. Nf5 Bg5 13. Qxh5 Qf6 14. h4 Bxc1 15.
Raxc1 Rae8 16. Re3 Kh7 17. Rg3 Rg8 18. Nb5 Nc5 19. Bb1 Bc8 20. Nxc7 Bxf5 21.
Nxe8 1-0

[Event "Autumn Cup"]
[Site "Box Hill"]
[Date "2002.03.08"]
[Round "5.39"]
[White "Loo, David"]
[Black "Papa, Phil"]
[Result "1/2-1/2"]
[WhiteElo "774"]
[BlackElo "1249"]
[Annotator "hl"]
[PlyCount "108"]
[EventDate "2002.02.08"]

1. d4 Nf6 2. c4 c5 3. Nc3 g6 4. e4 d6 5. f3 Nbd7 6. Bf4 Bg7 7. e5 dxe5 8. dxe5
Nh5 9. Be3 Bxe5 10. Qd2 O-O 11. Be2 b6 12. f4 Bg7 13. Bxh5 gxh5 14. Nf3 f5 15.
O-O-O Rf6 16. Ne5 Rd6 17. Nd3 a6 18. Qc2 Nf6 19. Ne5 Ng4 20. Rxd6 exd6 21. Nxg4
hxg4 22. h4 h5 23. Rd1 Be6 24. Na4 Rb8 25. b3 Qxh4 26. Bf2 Qd8 27. Nc3 h4 28.
Nd5 b5 29. Rh1 g3 30. Be3 Bxd5 31. cxd5 Qf6 32. Kd2 Kf7 33. a3 a5 34. Ke2 Re8
35. Kd2 b4 36. a4 Qe7 37. Qxf5+ Kg8 38. Qe6+ Qxe6 39. dxe6 Rxe6 40. Rxh4 Bc3+
41. Ke2 Bd4 42. Rg4+ Kf7 43. Rxg3 Kf6 44. Kd3 Bxe3 45. Rxe3 Rxe3+ 46. Kxe3 Kf5
47. Kf3 d5 48. g4+ Kf6 49. Ke3 Kg6 50. Kd3 Kf6 51. Kd2 d4 52. Kd3 Kg6 53. Kc4
Kf6 54. Kd3 Kg6 1/2-1/2

[Event "Autumn Cup"]
[Site "Box Hill"]
[Date "2002.03.08"]
[Round "5.47"]
[White "Shan, Indran"]
[Black "Chan, Robert K"]
[Result "1-0"]
[WhiteElo "864"]
[BlackElo "1115"]
[Annotator "sf"]
[PlyCount "43"]
[EventDate "2002.02.08"]

1. d4 g6 2. b3 Bg7 3. Bb2 d5 4. e4 dxe4 5. f3 exf3 6. Nxf3 Nc6 7. Bd3 Bxd4 8.
Nxd4 Nxd4 9. Bxd4 Qxd4 10. Bb5+ c6 11. Bxc6+ Qd7 12. Bxd7+ Bxd7 13. Qd4 f6 14.
Nc3 Bc6 15. O-O Rd8 16. Qxa7 Kf7 17. Qe3 h5 18. Rad1 Re8 19. a4 Nh6 20. Qc5 Nf5
21. b4 Rb8 22. Rfe1 {Remaining moves inaccurately recorded.} 1-0